Európa 2020 ako základ pre nové nástroje podpory OZE na vidieku v SR
Aktuálny stav, možnosti a nástroje využívania a podpory zavádzania OZE v EÚ so zameraním sa na ich potenciálne využívanie vo vidieckych regiónoch SR v kontexte ich udržateľného rozvoja.
Uložené v:
| Hlavný autor: | |
|---|---|
| Médium: | Kapitola |
| Jazyk: | Slovak |
| Predmet: | |
| Tagy: |
Žiadne tagy, Buďte prvý, kto otaguje tento záznam!
|
MARC
| LEADER | 00000nla$a2200000$$$4500 | ||
|---|---|---|---|
| 001 | 0146429 | ||
| 005 | 20221103133900.0 | ||
| 041 | 0 | |a slo | |
| 044 | |a SK | ||
| 245 | 1 | 0 | |a Európa 2020 ako základ pre nové nástroje podpory OZE na vidieku v SR |c Milan Fiľa |
| 520 | |a Aktuálny stav, možnosti a nástroje využívania a podpory zavádzania OZE v EÚ so zameraním sa na ich potenciálne využívanie vo vidieckych regiónoch SR v kontexte ich udržateľného rozvoja. | ||
| 610 | 2 | 0 | |a Slovensko |
| 610 | 2 | 0 | |a Európska únia |
| 610 | 2 | 0 | |a euroregióny |
| 610 | 2 | 0 | |a politika kohézna |
| 610 | 2 | 0 | |a bezpečnosť ekonomická |
| 610 | 2 | 0 | |a energia |
| 610 | 2 | 0 | |a zdroje energie obnoviteľné |
| 610 | 2 | 0 | |a rozvoj trvalo udržateľný |
| 610 | 2 | 0 | |a spolupráca medzinárodná |
| 100 | 1 | |a Fiľa, Milan | |